Ethnic groups by country - Statistics

General Stats
  • This quiz has been taken 216 times
  • The average score is 12 of 20
Answer Stats
Ethnic group Country % Correct
Punjabi Pakistan
86%
Mongol China
85%
Azerbaijani Iran
74%
Malagasy Madagascar
72%
Sotho South Africa
68%
Ashkenazi United States
68%
Hausa Nigeria
65%
Rohingya Myanmar
64%
Tajik Afghanistan
62%
Sundanese Indonesia
62%
Hui China
60%
Oromo Ethiopia
60%
Malayali India
59%
Aymara Bolivia
53%
Bashkir Russia
49%
Akan Ghana
42%
Nahua Mexico
39%
Ilocano Philippines
37%
Ganda Uganda
28%
Luba Democratic Republic of the Congo
25%
No matching quizzes found
Score Distribution
Percent of People with Each Score
Percentile by Number Answered
Your Score History
You have not taken this quiz